Comunicación educación un campo de resistencias

Uloženo v:
Podrobná bibliografie
Další autoři: Mora, Aura Isabel (compiladora.), Bautista, Zully Marcela, Bustamante Marín, Patricia, Campuzano, Catalina, Stella, Cárdenas Agudelo, Cortés Sánchez, Carlos Eduardo, Duarte Forero, Gabriel Gerardo, Echeverría Reina, Luz Marina, Franco Salas, Miguel Angel, 1950-, Gómez Serna, Edwin Arcesio, Gumucio Dagron, Alfonso, 1950-, Henao, Manuel Alejandro, Herrera Huérfano, Eliana del Rosario, Londoño Jaramillo, Ángela María, Martínez Posada, Jorge Eliécer, Mejía J., Marco Raúl, Nieto Useche, Sandra, Noreña Wiswell, María Isabel, Plaza Zúñiga, Jeannette, Quimbayo Gutiérrez, Carolina, Rocha Torres, César Augusto, Rodríguez Méndez, Raúl Iván, Rueda Ortíz, Rocío, 1969-, Villalba Molano, Felipe, Villamayor, Claudia, 1965, Múñoz, María Teresa (fotógrafa.), Solano Salinas, Rigoberto (fotógrafo.)
Médium: Kniha
Jazyk:Spanish
Vydáno: Bogotá : Corporación Universitaria Minuto de Dios. Facultad de Ciencias de la Comunicación, 2014.
Témata:
On-line přístup:Enlace del recurso
Tagy: Přidat tag
Žádné tagy, Buďte první, kdo vytvoří štítek k tomuto záznamu!

MARC

LEADER 00000nam a2200000 a 4500
001 C01472752c-X
003 OSt
005 20160721083809.0
008 150302s2014 ck a gr 00010dspa d
020 |a 9789587630978 
040 |b spa   |c CO-BoIIE 
041 |a spa 
082 0 4 |a 370.15  |b C65c 
245 1 0 |a Comunicación educación un campo de resistencias   |c Aura Isabel Mora, compiladora  
260 |a Bogotá :   |b Corporación Universitaria Minuto de Dios. Facultad de Ciencias de la Comunicación,   |c 2014. 
300 |a 531 p. :   |b il. ;  
650 4 |a Sociología de la educación. 
650 4 |a Comunicación en educación. 
650 4 |a Educación popular. 
650 4 |a Conflicto social. 
650 4 |a Educación indígena  |z  Colombia. 
650 4 |a Educación para la paz. 
650 4 |a Innovaciones educativas. 
700 1 |a Mora, Aura Isabel,   |e compiladora. 
700 1 |a Bautista, Zully Marcela. 
700 1 |a Bustamante Marín, Patricia. 
700 1 |a Campuzano, Catalina. 
700 1 |a Stella, Cárdenas Agudelo. 
700 1 |a Cortés Sánchez, Carlos Eduardo. 
700 1 |a Duarte Forero, Gabriel Gerardo. 
700 1 |a Echeverría Reina, Luz Marina. 
700 1 |a Franco Salas, Miguel Angel,   |d 1950- 
700 1 |a Gómez Serna, Edwin Arcesio. 
700 1 |a Gumucio Dagron, Alfonso,   |d 1950- 
700 1 |a Henao, Manuel Alejandro. 
700 1 |a Herrera Huérfano, Eliana del Rosario. 
700 1 |a Londoño Jaramillo, Ángela María. 
700 1 |a Martínez Posada, Jorge Eliécer. 
700 1 |a Mejía J., Marco Raúl. 
700 1 |a Nieto Useche, Sandra. 
700 1 |a Noreña Wiswell, María Isabel. 
700 1 |a Plaza Zúñiga, Jeannette. 
700 1 |a Quimbayo Gutiérrez, Carolina. 
700 1 |a Rocha Torres, César Augusto. 
700 1 |a Rodríguez Méndez, Raúl Iván. 
700 1 |a Rueda Ortíz, Rocío,   |d 1969- 
700 1 |a Villalba Molano, Felipe. 
700 1 |a Villamayor, Claudia,   |d 1965. 
700 1 |a Múñoz, María Teresa,   |e fotógrafa. 
700 1 |a Solano Salinas, Rigoberto,   |e fotógrafo. 
942 |2 ddc  |c BK 
949 |a c   |b c 
999 |c 5061  |d 5061 
856 |u https://catalogo.idep.edu.co/cgi-bin/koha/opac-detail.pl?biblionumber=5061  |z Enlace del recurso